Geodetické prístroje a systémy vysokoškolské skriptá

Bibliographic Details
Main Author: Šadera, Milan (Author)
Format: Book
Language:Slovak
PhysicalDescription:98 s. fotogr., sch., tab. 30 cm
Published: Košice Elfa 2001
ISBN:8088964938
Subjects:

MARC

LEADER 00000nam a2200000 a 4500
001 vtls001426719
003 SK-MaSNL
005 20260301013043.0
008 240509s2001 xo aap r yy slo
015 |a SNBA2002/04-01453 
020 |a 8088964938 
035 |a SNK000381675 
035 |a urn:nbn:sk:snk-amyar5 
035 |a urn:nbn:sk:snk-am00c82h 
035 |a FD5FABA1-B0B2-45C6-836A-B040FF841839 
040 |a SNK  |b slo  |c SNK  |e AACR2 
041 0 |a slo 
044 |a xo  |c SK 
080 |a 528.5(075.8)  |2 1981 
100 1 |a Šadera, Milan  |4 aut  |9 39566 
245 1 0 |a Geodetické prístroje a systémy  |b vysokoškolské skriptá  |c Milan Šadera 
260 |a Košice  |b Elfa  |c 2001 
300 |a 98 s.  |b fotogr., sch., tab.  |c 30 cm 
500 |a 100 výt. 
504 |a Bibliogr. s. 95 
650 0 7 |a geodézia  |2 SNKPH  |9 819 
650 0 7 |a geodetické prístroje  |2 SNKPH  |9 116538 
655 7 |a Textbooks (higher)  |2 SNKPHeng  |9 276436 
655 7 |a učebnice vysokých škôl  |2 SNKPH  |9 70191 
655 7 |a učebnice  |2 SNK  |9 22521 
919 |a 80-88964-93-8 
958 |a TL 
958 |a NB 
958 |a UV 
958 |a OND 
999 |c 555061  |d 556991 
952 |t P60, <03>, [BOOK], {603}  |a SNK  |b SNK  |y PREZ  |7 0  |p 17A0328291  |o snkSB 64369  |i snkKSP 656/2002  |0 0  |1 0  |4 0  |d 2002-01-17  |f 1  |l 0  |r 2025-04-14 00:00:00  |w 2026-02-23 
952 |t P60, <04>, [BOOK], {604}  |a SNK  |b SNK  |y VYP  |7 0  |p 17A0328292  |o snkSB 64369 D1  |i snkKSP 657/2002  |0 0  |1 0  |4 0  |d 2002-01-17  |l 0  |r 2005-01-02 00:00:00  |w 2026-02-23